Aus meinen Erinnerungen: 1906 bis 1986
| Titel: | Aus meinen Erinnerungen: 1906 bis 1986 / Vera von Sass |
|---|---|
| Verfasser: | |
| In: |
Baltische Briefe, Band 70, Heft 2 (820) (2017), Seite 11-12 alle Artikel anzeigen |
| Veröffentlicht: | 2017 |
| Umfang: | Illustration |
| Format: | Aufsatz |
| Sprache: | Deutsch |
X
alg: 42527623 001A $03025:29-01-18 001B $01999:29-01-18 $t22:53:10.000 001C $03025:29-01-18 $t13:04:10.000 001D $03025:29-01-18 001U $0utf8 001X $00 002@ $0Aou 002C $aText $btxt $2rdacontent 002D $aohne Hilfsmittel zu benutzen $bn $2rdamedia 002E $aBand $bnc $2rdacarrier 003@ $0425276236 007A $0425276236 $aHEB 010@ $ager 010E $erda 011@ $a2017 021A $aAus meinen Erinnerungen: 1906 bis 1986 $hVera von Sass 028A $BVerfasser $#Gizycki, Vera von $#Heim, Ira von $4aut $71151466441 $8Sass, Vera$cvon$Z1906-2008 [Tp1] $9425274853 031A $d70 $e2 (820) $h11-12 $j2017 034M $aIllustration 039B $aEnthalten in $8--Abvc--. Baltische Briefe. - Großhansdorf : Verl. Balt. Briefe, 1948-. - ISSN 0005-4526 $x201700000700002989 $9047806486 044K $#Gizycki, Vera von $#Heim, Ira von $71151466441 $8Sass, Vera$cvon$Z1906-2008 [Tp1] $9425274853 044K $#Baltendeutsche $#Deutsche Baltikum $74011593-8 $8Deutschbalten [Ts1] $9085023647 044K $RGedächtnis $RGedenken $#Recollection (Psychology) $#Rappel (psychologie) $#Erinnerung $#Erinnern $74015272-8 $8Erinnerung [Ts1] $9085034711 045T $a7,44 lok: 42527623 78 exp: 42527623 78 1 #EPN 201B/01 $029-01-18 $t13:03:35.000 201C/01 $029-01-18 201U/01 $0utf8 203@/01 $01016910355 208@/01 $a29-01-18 $be 209A/01 $a/ $f000 $x00 209A/01 $ab*p $x01 220C/01 $akoe 247C/01 $82080>Marburg/Lahn, Herder-Institut, Forschungsbibliothek, Bibliographieportal $9336309341
| LEADER | 00000caa a2200000 c 4500 | ||
|---|---|---|---|
| 001 | 425276236 | ||
| 003 | DE-603 | ||
| 005 | 20180129225310.0 | ||
| 007 | tu | ||
| 008 | 180129s2017 xx |||| | u00||u|ger c | ||
| 035 | |a (DE-599)HEB425276236 | ||
| 040 | |a DE-603 |b ger |c DE-603 |d DE-603 |e rda | ||
| 041 | |a ger | ||
| 084 | |a 7,44 |2 ssgn | ||
| 100 | 1 | |a Sass, Vera von |d 1906-2008 |e Verfasser |4 aut |0 (DE-603)425274853 |0 (DE-588)1151466441 |2 gnd | |
| 245 | 0 | 0 | |a Aus meinen Erinnerungen: 1906 bis 1986 |c Vera von Sass |
| 264 | 0 | |c 2017 | |
| 300 | |b Illustration | ||
| 336 | |a Text |b txt |2 rdacontent | ||
| 337 | |a ohne Hilfsmittel zu benutzen |b n |2 rdamedia | ||
| 338 | |a Band |b nc |2 rdacarrier | ||
| 600 | 1 | 7 | |a Sass, Vera von |d 1906-2008 |0 (DE-588)1151466441 |0 (DE-603)425274853 |2 gnd |
| 650 | 7 | |a Deutschbalten |0 (DE-588)4011593-8 |0 (DE-603)085023647 |2 gnd | |
| 650 | 7 | |a Erinnerung |0 (DE-588)4015272-8 |0 (DE-603)085034711 |2 gnd | |
| 773 | 0 | 8 | |i Enthalten in |t Baltische Briefe |d Großhansdorf : Verl. Balt. Briefe, 1948- |x 0005-4526 |g Band 70, Heft 2 (820) (2017), Seite 11-12 |w (DE-603)047806486 |w (DE-600)536488-7 |
| 924 | 0 | |9 2080 |a (DE-603)1016910355 |b DE-2080 |c HES |d d |g / | |


